Welcome to CU Library Online Public Access Catalogue (OPAC)

Fundamentals of Abnormal Psychology/ (Record no. 3564)

MARC details
000 -LEADER
fixed length control field 00469nam a22001577a 4500
005 - DATE AND TIME OF LATEST TRANSACTION
control field 20250207165343.0
008 - FIXED-LENGTH DATA ELEMENTS--GENERAL INFORMATION
fixed length control field 250207b |||||||| |||| 00| 0 eng d
020 ## - INTERNATIONAL STANDARD BOOK NUMBER
International Standard Book Number 9780716751199
050 ## - LIBRARY OF CONGRESS CALL NUMBER
Classification number RC454
Item number .C6343
100 ## - MAIN ENTRY--PERSONAL NAME
Personal name Comer, Ronald J.
245 ## - TITLE STATEMENT
Title Fundamentals of Abnormal Psychology/
Statement of responsibility, etc. Ronald J. Comer
250 ## - EDITION STATEMENT
Edition statement 3rd ed.
260 ## - PUBLICATION, DISTRIBUTION, ETC.
Place of publication, distribution, etc. New York
Name of publisher, distributor, etc. Worth Publishers
Date of publication, distribution, etc. 2002
300 ## - PHYSICAL DESCRIPTION
Extent xxv. 499. various paging.
Other physical details ill. color
Dimensions 27.5cm
942 ## - ADDED ENTRY ELEMENTS (KOHA)
Source of classification or shelving scheme Library of Congress Classification
Koha item type Books
Edition 3rd ed.
Suppress in OPAC No
999 ## -
-- 3564
-- 3564
Holdings
Withdrawn status Lost status Source of classification or shelving scheme Damaged status Not for loan Collection Home library Current library Shelving location Date acquired Total checkouts Full call number Barcode Date last seen Copy number Price effective from Koha item type
    Library of Congress Classification     Non-fiction Science Library (Miotso) Science Library (Miotso) General stacks 02/07/2025   RC454 .C6343 COM SLM00002997 02/07/2025 1 02/07/2025 Books
© 2023-2024 Copyright: Central University Libraries. All Rights Reserved | Created by: Mahone Tech Office